Länder mit der höchsten Durchschnittshöhe - Statistiken

Allgemein
  • Dieses Quiz wurde 53 mal gespielt
  • Das Durchschnittsergebnis liegt bei 14 aus 20
Antwortstatistiken
Meter Kontinent Land % Korrekt
3265 Asien Nepal
96%
3280 Asien Bhutan
88%
1350 Europa Schweiz
86%
2988 Asien Kirgisistan
82%
3186 Asien Tadschikistan
82%
1555 Amerika Peru
80%
1192 Amerika Bolivien
78%
1871 Amerika Chile
78%
1840 Asien China
78%
1528 Asien Mongolei
78%
1996 Europa Andorra
76%
1884 Asien Afghanistan
72%
1432 Asien Georgien
60%
1305 Asien Iran
60%
1792 Asien Armenien
58%
1598 Afrika Ruanda
52%
2161 Afrika Lesotho
50%
1504 Afrika Burundi
48%
1330 Afrika Äthiopien
44%
1250 Asien Libanon
22%
Keine übereinstimmenden Quizze gefunden
Verteilung der Resultate
Anzahl Personen mit jedem Resultat
Perzentil nach korrekt beantworteten Fragen
Ihre Resultats-Entwicklung
Sie haben dieses Quiz noch nicht gespielt